[Event "Titled Tuesday intern op 16th Apr Late"]
[Site "Chess.com INT"]
[Date "2024.04.16"]
[Round "1"]
[White "Muhammad, Shahzeb"]
[Black "Yanchenko, Roman"]
[Result "0-1"]
[WhiteElo "1912"]
[BlackElo "2466"]
[PlyCount "166"]
[EventDate "2024.04.16"]
[EventType "swiss (blitz)"]
[EventRounds "11"]
[EventCountry "USA"]
[SourceTitle "CBM 219 Extra"]
[Source "ChessBase"]
[SourceDate "2024.05.31"]
[SourceVersion "1"]
[SourceVersionDate "2024.05.31"]
[SourceQuality "1"]

1. e4 e6 2. d4 d5 3. Nd2 c5 4. Ngf3 Nc6 5. exd5 exd5 6. Bb5 c4 7. 0-0 Bd6 8. b3 cxb3 9. axb3 Nge7 10. c4 0-0 11. c5 Bc7 12. h3 Bf5 13. Re1 Nb4 14. Nh4 Nc2 15. Nxf5 Nxe1 16. Ne3 a6 17. Bf1 Nc6 18. Bb2 Nxg2 19. Nxg2 Qf6 20. Qf3 Qg5 21. Qe3 Qd8 22. Nf3 Re8 23. Qg5 Qxg5 24. Nxg5 f6 25. Nf3 Rad8 26. Bc3 Kf7 27. Ne3 Bf4 28. Ng2 Bh6 29. Bd3 g6 30. b4 Na7 31. Kf1 Re6 32. Bc2 Nb5 33. Bb2 Ke7 34. Bb3 Nc7 35. Bc1 Bxc1 36. Rxc1 g5 37. Ne3 Kf7 38. Nf5 Nb5 39. Ba4 Kg6 40. Bxb5 Kxf5 41. Bd3+ Kf4 42. Kg2 h5 43. Rb1 Rde8 44. Bg6 Rh8 45. Bf7 Re2 46. Bxd5 g4 47. Ng1 Rd2 48. Rb3 f5 49. Re3 h4 50. hxg4 fxg4 51. Ne2+ Kg5 52. Re5+ Kf6 53. Re6+ Kg7 54. Re7+ Kf8 55. Re4 Rh7 56. Bc4 Rg7 57. d5 g3 58. f3 h3+ 59. Kxh3 g2 60. Rf4+ Ke7 61. Re4+ Kd8 62. Ng1 Rh7+ 63. Kg3 Rh1 64. Re1 Rd4 65. Be2 Rxb4 66. Kxg2 Rh5 67. Rd1 Rg5+ 68. Kf2 Rb2 69. Rd3 Re5 70. Re3 Rxd5 71. f4 Rxc5 72. Nf3 a5 73. Ne5 Rd5 74. Nf7+ Kc7 75. Ne5 a4 76. Rc3+ Kb8 77. Ke3 b5 78. Bf3 Rd6 79. Nc6+ Kb7 80. Nd4+ Kb6 81. Nc6 Rb3 82. Rxb3 axb3 83. Nd4 b2 0-1

[Event "Titled Tuesday intern op 07th Nov Early"]
[Site "Chess.com INT"]
[Date "2023.11.07"]
[Round "1"]
[White "Atakhan, Abtin"]
[Black "Muhammad, Shahzeb"]
[Result "1/2-1/2"]
[WhiteElo "2418"]
[BlackElo "1853"]
[PlyCount "108"]
[EventDate "2023.11.07"]
[EventType "swiss (blitz)"]
[EventRounds "11"]
[EventCountry "USA"]
[SourceTitle "EXT 2025"]
[Source "ChessBase"]
[SourceDate "2024.10.14"]
[SourceVersion "1"]
[SourceVersionDate "2024.10.14"]
[SourceQuality "1"]

1. Nf3 c5 2. c4 g6 3. d4 cxd4 4. Nxd4 Bg7 5. e4 Nc6 6. Be3 Nf6 7. Nc3 0-0 8. Be2 d6 9. 0-0 Be6 10. Nxe6 fxe6 11. Rc1 Rc8 12. a3 Ne5 13. b3 a6 14. f4 Ned7 15. b4 Bh6 16. Qb3 Kh8 17. Rcd1 e5 18. g3 exf4 19. gxf4 Nh5 20. Bxh5 gxh5 21. Nd5 e6 22. Bd4+ Bg7 23. Bxg7+ Kxg7 24. Ne3 Qe7 25. Qd3 Nf6 26. e5 dxe5 27. fxe5 Ng4 28. Nxg4 hxg4 29. Qd7 Rxf1+ 30. Kxf1 Rc7 31. Qxe7+ Rxe7 32. Kf2 Kg6 33. Kg3 Kf5 34. Rd8 Rg7 35. c5 Kxe5 36. a4 h5 37. Kh4 Ke4 38. Kxh5 e5 39. b5 axb5 40. axb5 Rc7 41. c6 bxc6 42. bxc6 Rxc6 43. Kxg4 Ke3 44. h4 e4 45. h5 Ke2 46. Re8 e3 47. Kf4 Rc4+ 48. Kg5 Rc5+ 49. Kg6 Rc6+ 50. Kf7 Kf2 51. Kg7 e2 52. h6 Rxh6 53. Kxh6 e1Q 54. Rxe1 Kxe1 1/2-1/2

[Event "Titled Tuesday intern op 31st Oct Late"]
[Site "Chess.com INT"]
[Date "2023.10.31"]
[Round "4"]
[White "Muhammad, Shahzeb"]
[Black "Chan, Luis"]
[Result "0-1"]
[WhiteElo "1853"]
[BlackElo "2147"]
[PlyCount "62"]
[EventDate "2023.10.31"]
[EventType "swiss (blitz)"]
[EventRounds "11"]
[EventCountry "USA"]
[SourceTitle "EXT 2025"]
[Source "ChessBase"]
[SourceDate "2024.10.14"]
[SourceVersion "1"]
[SourceVersionDate "2024.10.14"]
[SourceQuality "1"]

1. e4 c5 2. Nc3 g6 3. f4 Bg7 4. Nf3 Nc6 5. Bb5 Nd4 6. Bc4 e6 7. d3 Ne7 8. Nxd4 Bxd4 9. Ne2 Bg7 10. 0-0 d5 11. Bb5+ Bd7 12. Bxd7+ Qxd7 13. Ng3 dxe4 14. dxe4 0-0-0 15. Qe2 h5 16. e5 Nf5 17. Ne4 Qd4+ 18. Kh1 h4 19. c3 Qd5 20. Kg1 Bf8 21. Nf6 Qc6 22. Be3 h3 23. Rf2 hxg2 24. Rxg2 Be7 25. Ng4 Rh3 26. Bf2 Rf3 27. Bg3 Rfd3 28. Be1 c4 29. Nf2 Bc5 30. Kf1 Ne3+ 31. Kg1 Qxg2# 0-1

[Event "Titled Tuesday intern op 31st Oct Early"]
[Site "Chess.com INT"]
[Date "2023.10.31"]
[Round "4"]
[White "Muhammad, Shahzeb"]
[Black "Iljin, Timofey"]
[Result "0-1"]
[WhiteElo "1853"]
[BlackElo "2285"]
[PlyCount "74"]
[EventDate "2023.10.31"]
[EventType "swiss (blitz)"]
[EventRounds "11"]
[EventCountry "USA"]
[SourceTitle "EXT 2025"]
[Source "ChessBase"]
[SourceDate "2024.10.14"]
[SourceVersion "1"]
[SourceVersionDate "2024.10.14"]
[SourceQuality "1"]

1. e4 e5 2. Nf3 Nc6 3. d4 exd4 4. Nxd4 Bc5 5. Nxc6 Qf6 6. Qd2 dxc6 7. Bd3 Ne7 8. 0-0 Be6 9. Qg5 Qxg5 10. Bxg5 f6 11. Bc1 0-0-0 12. Kh1 h5 13. f4 h4 14. h3 Bd7 15. Bd2 Rhg8 16. Nc3 g5 17. e5 fxe5 18. fxg5 Bd4 19. Rab1 Rdf8 20. Ne4 Nf5 21. c3 Bb6 22. Be1 Be6 23. Nf6 Rxg5 24. Nh7 Ng3+ 25. Bxg3 Rxf1+ 26. Rxf1 Rxg3 27. Bf5 Bxf5 28. Rxf5 Re3 29. Rf1 Re2 30. Ng5 Rxb2 31. Nf3 e4 32. Nxh4 e3 33. Re1 e2 34. g4 Bf2 35. Nf3 Bxe1 36. Nxe1 Rb1 37. Kg2 Rxe1 0-1

[Event "Titled Tuesday intern op 31st Oct Late"]
[Site "Chess.com INT"]
[Date "2023.10.31"]
[Round "2"]
[White "Nilsen, Tobias Lang"]
[Black "Muhammad, Shahzeb"]
[Result "1-0"]
[WhiteElo "2207"]
[BlackElo "1853"]
[PlyCount "101"]
[EventDate "2023.10.31"]
[EventType "swiss (blitz)"]
[EventRounds "11"]
[EventCountry "USA"]
[SourceTitle "EXT 2025"]
[Source "ChessBase"]
[SourceDate "2024.10.14"]
[SourceVersion "1"]
[SourceVersionDate "2024.10.14"]
[SourceQuality "1"]

1. e4 d5 2. exd5 Nf6 3. d4 Nxd5 4. c4 Nb6 5. Nc3 e5 6. dxe5 Qxd1+ 7. Kxd1 Nc6 8. Bf4 Bf5 9. Nf3 0-0-0+ 10. Kc1 Bc5 11. Bg3 Nb4 12. a3 Nd3+ 13. Bxd3 Rxd3 14. Rd1 Nxc4 15. Rxd3 Bxd3 16. Nd2 Rd8 17. Nxc4 Bxc4 18. Kc2 Bd3+ 19. Kb3 b5 20. Rd1 a5 21. a4 b4 22. Nb5 Bb6 23. Nd6+ cxd6 24. Rxd3 dxe5 25. Rxd8+ Kxd8 26. Bxe5 f6 27. Bg3 Kd7 28. Kc4 Kc6 29. f3 h5 30. h3 g6 31. Bf4 Bd8 32. Be3 Bc7 33. Bd4 f5 34. Bf6 Bb6 35. b3 Bc7 36. Be7 Bb6 37. Bf8 Ba7 38. Bg7 Bb6 39. Bh6 Bc5 40. Bg5 Bb6 41. Be7 Bc7 42. Kd4 Kd7 43. Bf8 Kc6 44. Bh6 Bd6 45. Bg5 Bc7 46. Bh4 Bb6+ 47. Ke5 Ba7 48. Bd8 Bb6 49. Bxb6 Kxb6 50. Kd6 Kb7 51. Kc5 1-0

[Event "Titled Tuesday intern op 24th Oct Late"]
[Site "Chess.com INT"]
[Date "2023.10.24"]
[Round "7"]
[White "Aghasiyev, Kamal"]
[Black "Muhammad, Shahzeb"]
[Result "1-0"]
[WhiteElo "2441"]
[BlackElo "1853"]
[PlyCount "77"]
[EventDate "2023.10.24"]
[EventType "swiss (blitz)"]
[EventRounds "11"]
[EventCountry "USA"]
[SourceTitle "CBM 216 Extra"]
[Source "ChessBase"]
[SourceDate "2023.11.30"]
[SourceVersion "1"]
[SourceVersionDate "2023.11.30"]
[SourceQuality "1"]

1. c4 e5 2. Nc3 Nc6 3. Nf3 f5 4. d4 e4 5. Ne5 Nxe5 6. dxe5 Bb4 7. Qb3 Qe7 8. a3 Bxc3+ 9. Qxc3 Nh6 10. Bxh6 gxh6 11. g3 0-0 12. Bg2 Re8 13. f4 exf3 14. exf3 Qxe5+ 15. Qxe5 Rxe5+ 16. Kf2 d6 17. f4 Rc5 18. Rhe1 Kf8 19. Bd5 Bd7 20. b4 Rxd5 21. cxd5 c6 22. Rad1 c5 23. bxc5 dxc5 24. d6 Re8 25. Rxe8+ Kxe8 26. Re1+ Kd8 27. Re7 b5 28. Ke3 a5 29. Kd3 Bc6 30. Rc7 Be4+ 31. Kc3 b4+ 32. Kc4 bxa3 33. Rxc5 a4 34. Ra5 Bc2 35. Kc3 Bb3 36. Ra7 h5 37. Rxh7 a2 38. Kb2 a3+ 39. Ka1 1-0

[Event "Titled Tuesday intern op 24th Oct Late"]
[Site "Chess.com INT"]
[Date "2023.10.24"]
[Round "3"]
[White "Bjelobrk, Igor"]
[Black "Muhammad, Shahzeb"]
[Result "0-1"]
[WhiteElo "2403"]
[BlackElo "1853"]
[PlyCount "28"]
[EventDate "2023.10.24"]
[EventType "swiss (blitz)"]
[EventRounds "11"]
[EventCountry "USA"]
[SourceTitle "CBM 216 Extra"]
[Source "ChessBase"]
[SourceDate "2023.11.30"]
[SourceVersion "1"]
[SourceVersionDate "2023.11.30"]
[SourceQuality "1"]

1. d4 Nf6 2. c4 e6 3. g3 d5 4. Nf3 Bb4+ 5. Bd2 Be7 6. Bg2 0-0 7. 0-0 dxc4 8. Qa4 a6 9. Qxc4 b5 10. Qc2 Bb7 11. Ba5 Nc6 12. Qd2 Nxa5 13. Qxa5 c5 14. dxc5 Qxa5 0-1

[Event "Titled Tuesday intern op 24th Oct Early"]
[Site "Chess.com INT"]
[Date "2023.10.24"]
[Round "8"]
[White "Muhammad, Shahzeb"]
[Black "Novikova, Galina"]
[Result "0-1"]
[WhiteElo "1853"]
[BlackElo "2073"]
[PlyCount "43"]
[EventDate "2023.10.24"]
[EventType "swiss (blitz)"]
[EventRounds "11"]
[EventCountry "USA"]
[SourceTitle "EXT 2025"]
[Source "ChessBase"]
[SourceDate "2024.10.14"]
[SourceVersion "1"]
[SourceVersionDate "2024.10.14"]
[SourceQuality "1"]

1. e4 e6 2. d4 d5 3. Nd2 Nc6 4. Ngf3 g5 5. h3 Qf6 6. Bb5 Bd7 7. e5 Qg7 8. Qe2 0-0-0 9. Nb3 h6 10. Bd2 f6 11. exf6 Nxf6 12. Bxc6 Bxc6 13. Qxe6+ Bd7 14. Qe2 Re8 15. Ne5 Ne4 16. 0-0-0 Bd6 17. Nxd7 Qxd7 18. Be3 Rhf8 19. Kb1 Nxf2 20. Rhf1 Nxd1 21. Rxf8 Bxf8 22. Qxd1 0-1

[Event "Titled Tuesday intern op 24th Oct Early"]
[Site "Chess.com INT"]
[Date "2023.10.24"]
[Round "7"]
[White "Muhammad, Shahzeb"]
[Black "Shapiro, Daniel E"]
[Result "1-0"]
[WhiteElo "1853"]
[BlackElo "2284"]
[PlyCount "101"]
[EventDate "2023.10.24"]
[EventType "swiss (blitz)"]
[EventRounds "11"]
[EventCountry "USA"]
[SourceTitle "EXT 2025"]
[Source "ChessBase"]
[SourceDate "2024.10.14"]
[SourceVersion "1"]
[SourceVersionDate "2024.10.14"]
[SourceQuality "1"]

1. e4 c5 2. Nc3 Nc6 3. f4 g6 4. Nf3 Bg7 5. Bb5 Nd4 6. Bc4 e6 7. d3 Ne7 8. Nxd4 cxd4 9. Ne2 0-0 10. Bb3 d5 11. e5 f6 12. exf6 Bxf6 13. 0-0 Bd7 14. Kh1 Qb6 15. Ng1 a5 16. a4 Nf5 17. Nf3 Ne3 18. Bxe3 dxe3 19. d4 Rac8 20. Re1 Be7 21. g3 e5 22. Nxe5 Bf5 23. Rxe3 Qd6 24. Qe1 Bf6 25. Qxa5 Kg7 26. c3 Be4+ 27. Kg1 g5 28. Qb4 Qc7 29. a5 Kh8 30. a6 Rb8 31. a7 Ra8 32. Qc5 Qg7 33. fxg5 Qxg5 34. Rae1 Bxe5 35. dxe5 Qf5 36. Rxe4 Qf2+ 37. Qxf2 Rxf2 38. Kxf2 dxe4 39. Rxe4 Rxa7 40. e6 Ra8 41. e7 Re8 42. Ba4 Rxe7 43. Rxe7 Kg8 44. Rxb7 Kf8 45. Kf3 h6 46. Kf4 Kg8 47. h4 Kf8 48. g4 Kg8 49. Kf5 Kh8 50. Kg6 Kg8 51. Rb8# 1-0

[Event "Titled Tuesday intern op 24th Oct Early"]
[Site "Chess.com INT"]
[Date "2023.10.24"]
[Round "9"]
[White "Rose, Felix"]
[Black "Muhammad, Shahzeb"]
[Result "1-0"]
[WhiteElo "2091"]
[BlackElo "1853"]
[PlyCount "61"]
[EventDate "2023.10.24"]
[EventType "swiss (blitz)"]
[EventRounds "11"]
[EventCountry "USA"]
[SourceTitle "EXT 2025"]
[Source "ChessBase"]
[SourceDate "2024.10.14"]
[SourceVersion "1"]
[SourceVersionDate "2024.10.14"]
[SourceQuality "1"]

1. e4 d5 2. exd5 Nf6 3. Nf3 Nxd5 4. d4 g6 5. c4 Nb6 6. Nc3 Bg7 7. c5 Nd5 8. Bc4 c6 9. Qb3 0-0 10. Nxd5 cxd5 11. Bxd5 Nc6 12. Bxc6 bxc6 13. Be3 Ba6 14. 0-0-0 Be2 15. Rd2 Bxf3 16. gxf3 Qd7 17. d5 Qf5 18. dxc6 Qxf3 19. Qd5 Qg4 20. h3 Qb4 21. c7 Qa5 22. Bf4 e5 23. Bxe5 Bxe5 24. Qxe5 Rac8 25. Rd7 Qxa2 26. Rhd1 a5 27. Rd8 Qc4+ 28. Kb1 Qe6 29. Rxf8+ Kxf8 30. Qxe6 fxe6 31. Rd8+ 1-0

[Event "Titled Tuesday intern op 08th Aug Late"]
[Site "Chess.com INT"]
[Date "2023.08.08"]
[Round "7"]
[White "Muhammad, Shahzeb"]
[Black "Lenoir Ibacache, Gabriel Alberto"]
[Result "1-0"]
[WhiteElo "1853"]
[BlackElo "2225"]
[PlyCount "75"]
[EventDate "2023.08.08"]
[EventType "swiss (blitz)"]
[EventRounds "11"]
[EventCountry "USA"]
[SourceTitle "EXT 2024"]
[Source "ChessBase"]
[SourceDate "2023.10.10"]
[SourceVersion "1"]
[SourceVersionDate "2023.10.10"]
[SourceQuality "1"]

1. e4 c5 2. Nc3 d6 3. f4 a6 4. Nf3 Nf6 5. a4 Nc6 6. Bc4 Bg4 7. h3 Bxf3 8. Qxf3 e6 9. 0-0 Be7 10. d3 0-0 11. Be3 Nb4 12. e5 dxe5 13. fxe5 Nd7 14. Qg3 Bh4 15. Qg4 Nxe5 16. Qe4 Nxc4 17. dxc4 Bf6 18. Bxc5 Nc6 19. Rad1 Qa5 20. Bxf8 Rxf8 21. Rd7 Qb4 22. Nd1 Bxb2 23. Rf3 Ne5 24. Rb3 Qc5+ 25. Kh2 Nxd7 26. Nxb2 Nf6 27. Qd3 Qe5+ 28. Qg3 Qe2 29. Rxb7 Qxc2 30. a5 Rd8 31. c5 Qxc5 32. Rb8 Qd5 33. Rxd8+ Qxd8 34. Qd3 Qxa5 35. Qc4 h6 36. Nd3 Qb5 37. Qc3 a5 38. Ne5 1-0

[Event "Titled Tuesday intern op 08th Aug Late"]
[Site "Chess.com INT"]
[Date "2023.08.08"]
[Round "11"]
[White "Papayan, Oleg"]
[Black "Muhammad, Shahzeb"]
[Result "1-0"]
[WhiteElo "2197"]
[BlackElo "1853"]
[PlyCount "125"]
[EventDate "2023.08.08"]
[EventType "swiss (blitz)"]
[EventRounds "11"]
[EventCountry "USA"]
[SourceTitle "EXT 2024"]
[Source "ChessBase"]
[SourceDate "2023.10.10"]
[SourceVersion "1"]
[SourceVersionDate "2023.10.10"]
[SourceQuality "1"]

1. e4 d5 2. exd5 Nf6 3. d4 Nxd5 4. c4 Nb6 5. c5 N6d7 6. Nf3 e5 7. dxe5 Bxc5 8. Bc4 0-0 9. 0-0 Nc6 10. Bf4 Nb6 11. Bb5 Nd4 12. Nxd4 Qxd4 13. Qxd4 Bxd4 14. Nc3 c6 15. Be2 Re8 16. Rad1 Bxc3 17. bxc3 Nd5 18. Bd2 Rxe5 19. Bf3 Be6 20. Rb1 Nb6 21. Be3 Bxa2 22. Rb2 Bd5 23. Ra1 Bxf3 24. Rxb6 Bd5 25. Rxb7 a5 26. Rxa5 Rae8 27. h3 h6 28. Raa7 Re4 29. Rc7 Rc4 30. Bd4 Re1+ 31. Kh2 Re4 32. Ra8+ Kh7 33. Rcc8 Re2 34. Rh8+ Kg6 35. Rag8 f6 36. Rd8 Re7 37. Rd6 Ra4 38. Rf8 Rf7 39. Rc8 Re7 40. Kg3 Ra1 41. h4 Ra3 42. f3 Kf7 43. Rdd8 Rb3 44. h5 Ke6 45. Bc5 Rbb7 46. Bxe7 Rxe7 47. Re8 Rxe8 48. Rxe8+ Kf5 49. Re7 Kg5 50. Rxg7+ Kxh5 51. Kf4 Bc4 52. g4+ Kh4 53. Rg6 h5 54. Rh6 Bf7 55. Rh7 Bg6 56. Rh6 Be8 57. Rxf6 hxg4 58. fxg4 Kh3 59. g5 Bd7 60. g6 Be6 61. Rxe6 Kh4 62. g7 Kh5 63. g8Q 1-0

[Event "Titled Tuesday intern op 08th Aug Late"]
[Site "Chess.com INT"]
[Date "2023.08.08"]
[Round "8"]
[White "Sailer, Mike L"]
[Black "Muhammad, Shahzeb"]
[Result "0-1"]
[WhiteElo "2109"]
[BlackElo "1853"]
[PlyCount "30"]
[EventDate "2023.08.08"]
[EventType "swiss (blitz)"]
[EventRounds "11"]
[EventCountry "USA"]
[SourceTitle "EXT 2024"]
[Source "ChessBase"]
[SourceDate "2023.10.10"]
[SourceVersion "1"]
[SourceVersionDate "2023.10.10"]
[SourceQuality "1"]

1. d4 Nf6 2. Nc3 e6 3. Bf4 Bb4 4. e3 c5 5. Nge2 Nd5 6. Bg3 Qa5 7. Qd3 b6 8. Bxb8 Rxb8 9. e4 Nf4 10. Nxf4 cxd4 11. Qxd4 e5 12. Qd2 exf4 13. Bd3 0-0 14. 0-0 Qe5 15. Nd5 Bxd2 0-1

[Event "Titled Tuesday intern op 28th Mar Late"]
[Site "Chess.com INT"]
[Date "2023.03.28"]
[Round "7"]
[White "Lorenzo de la Riva, Lazaro"]
[Black "Muhammad, Shahzeb"]
[Result "1-0"]
[WhiteElo "2420"]
[BlackElo "1853"]
[PlyCount "141"]
[EventDate "2023.03.28"]
[EventType "swiss (blitz)"]
[EventRounds "11"]
[EventCountry "USA"]
[SourceTitle "EXT 2024"]
[Source "ChessBase"]
[SourceDate "2023.10.10"]
[SourceVersion "1"]
[SourceVersionDate "2023.10.10"]
[SourceQuality "1"]

1. d4 Nf6 2. Bf4 e6 3. e3 d5 4. Nd2 Bd6 5. Qf3 Nbd7 6. Bxd6 cxd6 7. c3 0-0 8. Qg3 e5 9. Bd3 Rb8 10. Ne2 b5 11. a3 a5 12. 0-0 Qc7 13. Rfc1 Re8 14. Qh4 Nf8 15. Ng3 Ng6 16. Bxg6 hxg6 17. Ne2 Bg4 18. Ng3 Qd7 19. h3 Be6 20. Ngf1 Nh7 21. Qg3 Bf5 22. Nf3 Nf6 23. N1d2 Ne4 24. Nxe4 dxe4 25. Nd2 f6 26. Rd1 Qf7 27. f3 exf3 28. Qxf3 d5 29. Nb3 Bc2 30. Nc5 Bxd1 31. Rxd1 e4 32. Qg3 b4 33. axb4 axb4 34. cxb4 Rxb4 35. b3 Rc8 36. Ra1 Qc7 37. Qxg6 Rb5 38. Rc1 Qf7 39. Qf5 Rc7 40. Ra1 Rb8 41. Ra6 Re8 42. Ne6 Rc1+ 43. Kh2 Qd7 44. Qg4 Rc2 45. Nf4 Qxg4 46. hxg4 Rd8 47. Ra7 Rc3 48. Ne6 Rd6 49. Nxg7 Rxb3 50. Nf5 Rd8 51. Rg7+ Kh8 52. Rg6 Rb6 53. g5 fxg5 54. Rxb6 Rf8 55. Ne7 Rf2 56. Nxd5 Re2 57. Re6 Kg7 58. Rxe4 Kg6 59. Re5 Kh5 60. Kg3 Re1 61. Nf6+ Kg6 62. Ng4 Ra1 63. d5 Ra3 64. d6 Kf7 65. d7 Kg6 66. d8Q Rxe3+ 67. Rxe3 Kh5 68. Qh8+ Kg6 69. Qf6+ Kh7 70. Re7+ Kg8 71. Qg7# 1-0

[Event "Titled Tuesday intern op 28th Mar Late"]
[Site "Chess.com INT"]
[Date "2023.03.28"]
[Round "1"]
[White "Muhammad, Shahzeb"]
[Black "Goroshkov, Maksym"]
[Result "0-1"]
[WhiteElo "1853"]
[BlackElo "2265"]
[PlyCount "84"]
[EventDate "2023.03.28"]
[EventType "swiss (blitz)"]
[EventRounds "11"]
[EventCountry "USA"]
[SourceTitle "EXT 2024"]
[Source "ChessBase"]
[SourceDate "2023.10.10"]
[SourceVersion "1"]
[SourceVersionDate "2023.10.10"]
[SourceQuality "1"]

1. d4 d5 2. Nf3 c6 3. g3 Bf5 4. Bg2 Nf6 5. 0-0 Qc8 6. Re1 Bh3 7. Bh1 g6 8. c4 Bg7 9. Nc3 0-0 10. cxd5 cxd5 11. Ng5 h6 12. Nxh3 Qxh3 13. Nxd5 Ng4 14. Bg2 Qxh2+ 15. Kf1 Nc6 16. e3 Nf6 17. Nxf6+ Bxf6 18. Qb3 Rab8 19. Bd2 Rfd8 20. Rac1 e5 21. d5 Ne7 22. Bb4 Nf5 23. Rc7 Nd6 24. a4 e4 25. Qa3 Nf5 26. d6 Be5 27. Qb3 Rf8 28. Qd5 Bxg3 29. fxg3 Nxg3+ 30. Kf2 Qh4 31. Kg1 Nf5 32. Qd2 Qg5 33. Qf2 Nh4 34. Bc3 Nf3+ 35. Kf1 Nxe1 36. Qxe1 b5 37. a5 b4 38. Bd4 Rb5 39. Qf2 Rf5 40. Bxe4 Rxf2+ 41. Kxf2 Qxa5 42. Kf3 Qh5+ 0-1

[Event "Titled Tuesday intern op 10th Jan Late"]
[Site "Chess.com INT"]
[Date "2023.01.10"]
[Round "10"]
[White "Almedina Ortiz, Edgardo J"]
[Black "Muhammad, Shahzeb"]
[Result "0-1"]
[WhiteElo "2156"]
[BlackElo "1853"]
[PlyCount "92"]
[EventDate "2023.01.10"]
[EventType "swiss (blitz)"]
[EventRounds "11"]
[EventCountry "USA"]
[SourceTitle "EXT 2024"]
[Source "ChessBase"]
[SourceDate "2023.10.10"]
[SourceVersion "1"]
[SourceVersionDate "2023.10.10"]
[SourceQuality "1"]

1. d4 c5 2. d5 e5 3. c4 d6 4. Nc3 f5 5. e3 Nf6 6. Bd3 Be7 7. Nge2 0-0 8. 0-0 Na6 9. f4 e4 10. Bc2 Nc7 11. a4 Bd7 12. b3 a6 13. a5 Qe8 14. Na4 Rd8 15. Nb6 Qh5 16. Nxd7 Rxd7 17. Nc3 Qh6 18. Qe1 g5 19. fxg5 Qxg5 20. Qg3 Qxg3 21. hxg3 Ng4 22. Ne2 Bf6 23. Rb1 Be5 24. b4 cxb4 25. Rxb4 Ne8 26. Nf4 Ng7 27. Bd1 Nf6 28. Bd2 Rc8 29. Be2 Rc5 30. Rb3 Kf7 31. Rfb1 Rcc7 32. Kf2 Ng4+ 33. Bxg4 fxg4 34. Rb4 Bxf4 35. gxf4 Nf5 36. g3 Kg6 37. Bc3 h5 38. Bd4 Rh7 39. Bb6 Rcf7 40. Rh1 h4 41. gxh4 g3+ 42. Ke2 g2 43. Rg1 Nxh4 44. c5 Kf5 45. c6 bxc6 46. dxc6 d5 0-1

[Event "Titled Tuesday intern op 10th Jan Late"]
[Site "Chess.com INT"]
[Date "2023.01.10"]
[Round "5"]
[White "Ladan, Nicholas John"]
[Black "Muhammad, Shahzeb"]
[Result "1/2-1/2"]
[WhiteElo "2114"]
[BlackElo "1853"]
[PlyCount "114"]
[EventDate "2023.01.10"]
[EventType "swiss (blitz)"]
[EventRounds "11"]
[EventCountry "USA"]
[SourceTitle "EXT 2024"]
[Source "ChessBase"]
[SourceDate "2023.10.10"]
[SourceVersion "1"]
[SourceVersionDate "2023.10.10"]
[SourceQuality "1"]

1. b4 e5 2. Bb2 d6 3. e4 Nf6 4. d3 g6 5. g3 Bg7 6. Bg2 0-0 7. Ne2 a5 8. b5 Nbd7 9. a4 Nc5 10. 0-0 c6 11. Nd2 Bd7 12. d4 exd4 13. Nxd4 Re8 14. Re1 cxb5 15. Nxb5 Bxb5 16. axb5 Qb6 17. Qf3 Nfd7 18. Bxg7 Kxg7 19. Nc4 Qc7 20. Qc3+ Nf6 21. Rxa5 Ncxe4 22. Rxe4 Rxe4 23. Bxe4 Rxa5 24. b6 Qc5 25. Qxa5 Nxe4 26. Qxc5 Nxc5 27. Nxd6 Nd7 28. Nxb7 Nxb6 29. f4 Kf6 30. Kf2 Kf5 31. Kf3 h5 32. Nd6+ Ke6 33. Ne4 Kd5 34. Ng5 f6 35. Ne4 Nd7 36. Ke3 Kc4 37. Kd2 Kd4 38. Nd6 g5 39. c3+ Kd5 40. Ne8 gxf4 41. gxf4 Ke4 42. Ng7 h4 43. Nh5 Kf5 44. Ng7+ Kxf4 45. Ke2 h3 46. Kf2 Ne5 47. Ne6+ Ke4 48. Kg3 f5 49. Kxh3 f4 50. Kg2 f3+ 51. Kg3 Ke3 52. Nf4 f2 53. Ng2+ Ke2 54. Nf4+ Ke1 55. Ng2+ Ke2 56. Nf4+ Ke1 57. Ng2+ Ke2 1/2-1/2

[Event "Titled Tuesday intern op 10th Jan Late"]
[Site "Chess.com INT"]
[Date "2023.01.10"]
[Round "4"]
[White "Muhammad, Shahzeb"]
[Black "Saveliev, Alexei"]
[Result "0-1"]
[WhiteElo "1853"]
[BlackElo "2390"]
[PlyCount "58"]
[EventDate "2023.01.10"]
[EventType "swiss (blitz)"]
[EventRounds "11"]
[EventCountry "USA"]
[SourceTitle "EXT 2024"]
[Source "ChessBase"]
[SourceDate "2023.10.10"]
[SourceVersion "1"]
[SourceVersionDate "2023.10.10"]
[SourceQuality "1"]

1. e4 g6 2. d4 Bg7 3. Nc3 d6 4. Bg5 Nc6 5. Nge2 h6 6. Be3 e5 7. f3 f5 8. d5 Nce7 9. Qd2 Nf6 10. 0-0-0 b5 11. exf5 Nxf5 12. Nxb5 0-0 13. Ng3 Nxe3 14. Qxe3 a6 15. Nc3 Rb8 16. Nge4 a5 17. h4 Bf5 18. Rg1 Nxe4 19. fxe4 Bg4 20. Be2 Bxe2 21. Nxe2 Qxh4 22. Kb1 Rb4 23. Nc3 h5 24. Qa7 Rfb8 25. b3 a4 26. Qxc7 axb3 27. axb3 Qf2 28. Kc1 Rxb3 29. cxb3 Bh6+ 0-1

[Event "Titled Tuesday intern op 20th Dec Late"]
[Site "Chess.com INT"]
[Date "2022.12.20"]
[Round "11"]
[White "Andreassen, Lars"]
[Black "Muhammad, Shahzeb"]
[Result "1-0"]
[WhiteElo "2168"]
[BlackElo "1853"]
[PlyCount "61"]
[EventDate "2022.12.20"]
[EventType "swiss (blitz)"]
[EventRounds "11"]
[EventCountry "USA"]
[SourceTitle "EXT 2024"]
[Source "ChessBase"]
[SourceDate "2023.10.10"]
[SourceVersion "1"]
[SourceVersionDate "2023.10.10"]
[SourceQuality "1"]

1. d4 Nf6 2. Nf3 e6 3. Bg5 c5 4. e3 Nc6 5. c3 cxd4 6. exd4 d5 7. Bd3 Be7 8. 0-0 0-0 9. Re1 h6 10. Bh4 b6 11. Nbd2 Bb7 12. Qe2 a6 13. a4 Na5 14. Ne5 Nd7 15. Bxe7 Qxe7 16. f4 Nxe5 17. fxe5 Rfe8 18. Rf1 Nc6 19. Rf4 Rf8 20. Raf1 Nb8 21. Qh5 Nd7 22. Rg4 Kh8 23. Rf3 f5 24. exf6 Nxf6 25. Qg6 Kg8 26. Rxf6 Qxf6 27. Qh7+ Kf7 28. Nf3 Rh8 29. Ne5+ Ke7 30. Rxg7+ Kd6 31. Rd7# 1-0

[Event "Titled Tuesday intern op 20th Dec Late"]
[Site "Chess.com INT"]
[Date "2022.12.20"]
[Round "9"]
[White "Muhammad, Shahzeb"]
[Black "Guerb, Leonid"]
[Result "1-0"]
[WhiteElo "1853"]
[BlackElo "2295"]
[PlyCount "103"]
[EventDate "2022.12.20"]
[EventType "swiss (blitz)"]
[EventRounds "11"]
[EventCountry "USA"]
[SourceTitle "EXT 2024"]
[Source "ChessBase"]
[SourceDate "2023.10.10"]
[SourceVersion "1"]
[SourceVersionDate "2023.10.10"]
[SourceQuality "1"]

1. e4 c6 2. d4 d5 3. exd5 cxd5 4. c4 Nf6 5. Nc3 g6 6. Nf3 Bg7 7. Qb3 dxc4 8. Bxc4 0-0 9. 0-0 Nc6 10. d5 Na5 11. Qb4 Nxc4 12. Qxc4 Bg4 13. Ne5 Bf5 14. Bg5 h6 15. Bh4 g5 16. Bg3 Rc8 17. Qb3 Nh5 18. Rfe1 Nxg3 19. hxg3 Qb6 20. Qxb6 axb6 21. g4 Bh7 22. Nd7 Rfe8 23. Nxb6 Rxc3 24. bxc3 Bxc3 25. Rac1 Bxe1 26. Rxe1 f5 27. gxf5 Bxf5 28. Re5 Bb1 29. a4 Kf7 30. Re6 h5 31. f3 Rd8 32. Kf2 Rd6 33. Rxd6 exd6 34. Nc4 Ba2 35. Nxd6+ Ke7 36. Nf5+ Kf6 37. Ne3 Ke5 38. Nd1 Bxd5 39. a5 Kd4 40. Ne3 Be6 41. Ke2 Kc5 42. Nc2 Bf5 43. Ne3 Bd7 44. Kd3 Kb5 45. Nc4 Be6 46. Nd6+ Kc6 47. Ne4 Bf5 48. Kd4 g4 49. Nf6 gxf3 50. gxf3 h4 51. Nh5 Kb5 52. Ke5 1-0